00430nam a2200169Ia 4500003000400000005001700004008004100021020001800062040000700080041000800087082002400095100003100119245004600150260003600196300001500232365001300247OSt20230509094555.0210423s2008 xx 000 0 und d a9788131213742 cAL aeng a616.0756223b BURC aBURTIS (Carl A);others,Ed. aTietz fundamentals of clinical chemistry. aNew DelhibElsevier Indiac2008 axx,952bPB b995cINR